000
00298nam a2200097Ia 4500
008
120527s9999 xx 000 0 und d
100
_a
FREEMAN, H.Ade .et al
245
_a
Role of credit in the update and productivity of improved dairy technologi
260
_b
Livestock Policy Analysis
942
_c
BK
999
_c
25323
_d
25323